000 00591nam a2200193Ia 4500
005 20250508160340.0
008 008 250505s9999 xx 000 0 eng d
037 _aTextual
040 _aFEDL
_beng
_cFEDL
041 _aeng
_2eng
084 _a370.196, FRA
_qFEDL
100 _aFrankel Charles
245 0 _aNeglected aspect of foreign affairs : American educational and cultural policy abroad
260 _aWashington, USA
_bThe Brookings Institution
_c1965
300 _ax,156p.
650 _aEducation
942 _cTEXL
_h370.196, FRA
999 _c1363917
_d1363917